000 00907nam a2200229 a 4500
001 000003003
003 DO-SdBNP
005 20211119101221.0
008 090706s2008 dr a r 000 0 spa d
040 _aDO-SdBNP
_bspa
_cBNPHU
082 4 _a363.1063
_bR426e, 2008
_222
110 1 _aRepública Dominicana.
_bAyuntamiento del Distrito Nacional
_99535
245 1 0 _aEncuesta del gobierno de la seguridad (marzo 2008) :
_bZona Colonial /
_cprólogo Roberto Salcedo.
260 _aSanto Domingo :
_bBúho,
_c2008.
300 _a93 p. :
_bil. ;
_c22 cm.
650 4 _aSeguridad ciudadana
_zSanto Domingo (República Dominicana)
_xEncuestas
_96507
650 4 _aAdministración municipal
_zSanto Domingo (República Dominicana)
_xMedidas de seguridad
_96508
700 1 _aSalcedo, Roberto,
_epról.
_99536
710 2 _aObservatorio ciudadano
_96510
910 _aValidado. Control de calidad. EMS
942 _2ddc
_cLBS1
999 _c2835
_d2835